00423nam a2200109Ia 4500008004100000100002200041245010000063260004400163300001800207650001900225856006900244160712s9999 xx 000 0 und d aIsorena, Efren B. cEfren B. IsorenaaTawid-Dagat : Pag-ugat sa Maritimong Nakaraan ng Pilipino, 67,000 t.n.-900 MK c2013bPhilippine Social Sciences Review avol. 65 no. 1 xSOCIAL SCIENCE uhttp://journals.upd.edu.ph/index.php/pssr/issue/view/421/showToc